| 000 | 00830nam a2200301 i 4500 | ||
|---|---|---|---|
| 001 | 81262 | ||
| 003 | ES-MaBCM | ||
| 005 | 20241016120840.0 | ||
| 008 | 020313s2001 esp 000 0 spa d | ||
| 017 | _aB.38049-2001 | ||
| 020 | _a84-7290-173-4 | ||
| 021 | _axx | ||
| 035 | _a(OCoLC)733641263 | ||
| 040 | _cES-MaBCM | ||
| 041 | 0 | _aspa | |
| 043 | _aesp | ||
| 080 | _a296(6-15) | ||
| 080 | _a325.4(6-15) | ||
| 100 | 1 |
_aSanneh, Lamin _942427 |
|
| 245 | 1 | 3 |
_aLa corona y el turbante _b: el Islam en las sociedades del África occidental _cLamin Sanneh |
| 260 |
_aBarcelona : _bBellaterra, _c2001 |
||
| 300 |
_a389 p. _c22 cm |
||
| 440 | 0 |
_aBiblioteca del Islam contemporáneo / Temas _9101854 |
|
| 650 | 2 | 7 |
_aIslamismo _959089 |
| 650 | 2 | 7 |
_aColonialismo _957957 |
| 651 | 2 | 0 |
_aÁfrica occidental _9125982 |
| 942 | _cBK | ||
| 999 |
_c81262 _d81262 |
||